000 00577nam a2200193Ia 4500
005 20250508151241.0
008 008 250505s9999 xx 000 0 eng d
037 _aReference
040 _aFEDL
_beng
_cFEDL
041 _aeng
_2eng
084 _a294.503, DOW
_qFEDL
100 _aDowson John
245 0 _aClassical dictionary of Hindu mythology and religion geography history and literature
250 _a8
260 _aLondon, UK
_bRoutledge and Kegan Paul Ltd
_c1953
300 _axix,411p
942 _cREF
_h294.503, DOW
999 _c1328620
_d1328620